000 00288nam a2200109Ia 4500
008 220204s9999 xx 000 0 und d
082 _a804
_bMAU
100 _aMauger, G
245 0 _aCours de langue et de civilisation Francaises
260 _aParis
_bLibrairie Hachette
_c1953
942 _cBK
999 _c28068
_d28068